1894 1127 1838 1796 1652 1982 1339 1532 1029 1607 1327 1064 1884 1000 1657 1486 1493 1105 1471 1246 1097 1853 1147 1348 1888 1251 1345 1479 1614 1126 1380 1821 1225 1203 1828 1820 1677 1362 1057 1001 1664 1160 1568 1238 1119 1453 1978 1372 1199 1900 1024 1952 1392 1526 1022 1395 1780 1696 1195 1530 1299 1814 1256 1479 1761 1481 1097 1486 1746 1940 1539 1455 1891 1666 1085 1400 1179 1660 1399 1890 1517 1945 1804 1104 1443 1318 1379 1300 1925 1355 1163 1393 1968 1777 1192 1527 1037 1323 1903 BCNSPRNW ULIB Ver.6.0+V

เปลี่ยนเป็นภาษาไทย

Change to English
 แสดงรายละเอียดบรรณานุกรม
  กลับหน้าหลัก

Brief Record : Get Marc (ISO 2709) : E-mail record : QR code < ปิดหน้าต่าง
LEADER : 00000nam 2200000uu 4500
001    13399121196
003     ULIB
008    121108s2552||||th 000 0 tha d
020    9789742127930
099    รส.^bด8997บ
100 0  เดวิดสัน, ซูซานนา
245 00 บ้านผีจอมนจุ้น=^nThe canterville ghost^cเดวิดสัน, ซูซานนา
260    กรุงเทพฯ:^bซีเอ็ด,^c2552
300    86 หน้า
700 1  Oscar Wide,ผู้แต่ง
700 1  Alan Marks, ผู้วาดภาพ
945    ^p99^l0^i028959
995    เกษร
999    ^aทศพร
รายการนี้ยังไม่มีแท็ก
คุณยังไม่ได้ล็อกอิน คุณสามารถมีกิจกรรมร่วมกับเว็บไซต์ได้ แต่ต้องล็อกอินก่อน ::
  ล็อกอิน

รายการสื่อสารสนเทศ

ลำดับที่ ประเภท เลขเรียก/บาร์โค้ด สถานที่ สถานะ
1. วิทยาศาสตร์การแพทย์ และสุขภาพ
วิทยาศาสตร์การแพทย์ และสุขภาพ
รส. ด8997บ  
  Barcode: 028959
ห้องสมุดวิทยาเขตสวรรค์ประชารักษ์
►หนังสือทั่วไป
บนชั้น

BibComment


ยังไม่เคยถูกคอมเมนท์

คอมเมนท์ทรัพยากรรายการนี้
  คอมเมนท์: บ้านผีจอมนจุ้น Th..


 Copyright 2026. Bcnsprnw @Library